Coastal engineering
保存先:
| 第一著者: | |
|---|---|
| フォーマット: | 図書 |
| 言語: | 英語 |
| 出版事項: |
Amsterdam
Elsevier
1974
|
| シリーズ: | Developments in geotechnical engineering, 4B
|
| 主題: | |
| タグ: |
タグ追加
タグなし, このレコードへの初めてのタグを付けませんか!
|
MARC
| LEADER | 00000nam a2200000 a 4500 | ||
|---|---|---|---|
| 001 | UCY2283 | ||
| 003 | CL-VaPUC | ||
| 008 | 941019e19740000NE |||||||||||||||||eng|d | ||
| 082 | 0 | 4 | |a 620.4146 |b SIL |2 21 |
| 100 | 0 | |a Silvester, Richard |e author |9 330337 | |
| 245 | 1 | 0 | |a Coastal engineering |
| 300 | |a v | ||
| 942 | |c BK | ||
| 945 | |d 19941019 00:00:00 |a mfernand | ||
| 260 | |a Amsterdam |b Elsevier |c 1974 | ||
| 650 | 7 | |a LITORAL PROTECCION |2 CL-VaPUC |9 330338 | |
| 650 | 0 | |a Costas |9 261336 | |
| 583 | |a last modification |c 19941019 00:00:00 |k Rodrigo Vera | ||
| 490 | 0 | |a Developments in geotechnical engineering, 4B | |
| 999 | |c 230736 |d 230734 | ||
| 952 | |0 0 |1 0 |2 ddc |4 0 |6 620_414600000000000_SIL_1974 |7 0 |8 CCM |9 233237 |a BIBCUR |b BIBCUR |c PAC |d 2019-11-15 |h v.2 |i 3027074 |o 620.4146 SIL 1974 |p 3027074 |r 2025-04-22 |w 2019-11-15 |y BK |k CIM | ||